| 000 | 00000nam 2200000zi 4500 |
| 001 | 9.943172 |
| 003 | CaOODSP |
| 005 | 20240912155926 |
| 006 | m o d f |
| 007 | cr |n |||||||| |
| 008 | 240912s1978 oncb o f000 0|fre d |
| 040 | |aCaOODSP|bfre|erda|cCaOODSP |
| 041 | |afre|aeng |
| 043 | |an-cn--- |
| 086 | 1 |aRE22-323/1978-PDF |
| 245 | 00|aWestern Northlands : |bobjectives and progress = les terres septentrionales de l'Ouest : objectifs et réalisations. |
| 246 | 11|aTerres septentrionales de l'Ouest : |bobjectifs et réalisations |
| 264 | 1|a[Ottawa] : |bGouvernement du Canada, Expansion économique régionale = Government of Canada, Regional Economic Expansion, |c1978. |
| 300 | |a1 ressource en ligne (1 volume (en pagination multiple)) : |bcartes (principalement en couleur) |
| 336 | |atexte|btxt|2rdacontent/fre |
| 337 | |ainformatique|bc|2rdamedia/fre |
| 338 | |aressource en ligne|bcr|2rdacarrier/fre |
| 500 | |aÉdition numérisée de l'imprimé [par Innovation, Sciences et Développement économique Canada]. |
| 500 | |a« Document de travail. » |
| 546 | |aTexte en français et en anglais. |
| 650 | 6|aAménagement du territoire|zCanada (Nord) |
| 651 | 6|aCanada (Nord)|xConditions économiques. |
| 710 | 1 |aCanada. |bMinistère de l'expansion économique régionale, |eorganisme de publication |
| 791 | |tWestern Northlands : |eeng|w(CaOODSP)9.925237 |
| 856 | 40|qPDF|s3103 Ko|uhttps://publications.gc.ca/collections/collection_2024/isde-ised/re22/RE22-323-1978.pdf |